| 000 | 00604nam a2200181 a 4500 | ||
|---|---|---|---|
| 001 | BRCA_1384 | ||
| 005 | 20190320203413.0 | ||
| 008 | 901229s1956 mx-#---###---#000-0#spa-# | ||
| 040 |
_aDLC _cDLC |
||
| 050 | 4 |
_aF1386.2 _b.V35 1956 |
|
| 100 | 1 |
_aValle-Arizpe, Artemio de _d1888-1961 _92476 |
|
| 245 | 1 | 0 |
_aCuando había virreyes _bcronista de la ciudad de México tradiciones, leyendas y sucedidos del México virreinal _cArtemio de Valle-Arizpe. |
| 260 |
_aMéxico _bPatria _c1956 |
||
| 300 |
_a233 p. _c19 cm. |
||
| 650 | 1 | 4 |
_aVirreyes _94531 |
| 651 | 4 |
_aMéxico _xHistoria _ySiglo XIX _94532 |
|
| 942 |
_2lcc _cB |
||
| 999 |
_c1246 _d1246 |
||